INTRODUCCION A LA TEORIA MARXISTA/

TRADUCCION DE: TO MARXIST THEORY

Sábháilte in:
Sonraí bibleagrafaíochta
Príomhchruthaitheoir: Mayo, Henry B. (autor)
Formáid: LEABHAR
Ábhair:
Clibeanna: Cuir clib leis
Níl clibeanna ann, Bí ar an gcéad duine le clib a chur leis an taifead seo!

MARC

LEADER 00000nam^a2200000^a^4500
001 000221408
005 20250521000000.0
009 20260310103915.487
035 |a 032601 
037 |a Acervo Xavier Clavigero 
082 |a 335. 401  |b MAY 
100 |a Mayo, Henry B.  |e (autor) 
245 1 0 |a INTRODUCCION A LA TEORIA MARXISTA/  |c HENRY B. MAYO; TR. FRANCISCO NAVARRO R 
264 |a MEXICO :  |b TRILLAS,  |c 1966 
300 |a 346p. 
336 |a texto  |b txt  |2 rdacontenido 
337 |a sin mediación  |b n  |2 rdamedio 
338 |a volumen  |b nc  |2 rdasoporte 
520 |a TRADUCCION DE: TO MARXIST THEORY 
520 |a INDICE 
649 |a XX 
650 |a Comunismo 
650 |a Materialismo Histórico y Dialéctico 
910 |a Fondo General 
920 |a Impresos - Libros 
930 |a Colección General 
905 |a 101 
901 |a 032601  |b IT1  |c ACC  |i 032601  |u 20250521 
902 |a https://opac.biblio.iteso.mx/vufind/Record/000221408